000 00320nam a22001457a 4500
003 SGT
020 _a9789351372264
082 _a923.154
_bK13S
100 _aSINGH, D.P
245 _aKYO AAKHIR MODI
260 _aINDIA
_bPARAGON PREPES
_c2013
300 _a377
650 _aPRIME MINISTER OF INDIA
942 _2ddc
_cBK
999 _c25890
_d25890